书目信息 |
| 题名: |
亚洲运动会资料
|
|
| 作者: | 李兹 编译 | |
| 分册: | ||
| 出版信息: | 北京 人民体育出版社 1974 |
|
| 页数: | 123页 | |
| 开本: | 21cm | |
| 丛书名: | ||
| 单 册: | ||
| 中图分类: | G811.13 | |
| 科图分类: | ||
| 主题词: | 体育事业--世界 | |
| 电子资源: | ||
| ISBN: | ||
| 000 | 00521nam0 2200193 450 | |
| 001 | 0653707813 | |
| 005 | 20060912112011.12 | |
| 010 | @dCNY0.52 | |
| 100 | @a20060812d1974 km y0chiy0120 ea | |
| 101 | 0 | @achi |
| 102 | @aCN@b110000 | |
| 200 | 1 | @a亚洲运动会资料@Aya zhou yun dong hui zi liao@f李兹编译@Fli zi bian yi |
| 210 | @a北京@c人民体育出版社@d1974 | |
| 215 | @a123页@d21cm | |
| 606 | 0 | @a体育事业@x世界 |
| 690 | @aG811.13@v3 | |
| 701 | 0 | @a李兹@Ali zi@4编译 |
| 801 | 0 | @aCN@bPFT@c20060912 |
| 905 | @a10447@dG811.13@e32 | |
| 亚洲运动会资料/李兹编译.-北京:人民体育出版社,1974 |
| 123页;21cm |
| ISBN :CNY0.52 |
| ● |
| 相关链接 |
|
|
|
|
正题名:亚洲运动会资料
索取号:G811.13/32
 
预约/预借
| 序号 | 登录号 | 条形码 | 馆藏地/架位号 | 状态 | 备注 |
| 1 | 0449098 | 204490988 | 密集书库/ [索取号:G811.13/32] | 在馆 | |
| 2 | 0473990 | 204739907 | 密集书库/ [索取号:G811.13/32] | 在馆 |